| 000 | 02171nam0a2200409 4500 | ||
|---|---|---|---|
| 001 | RU\NLR\BIBL_A\022204829 | ||
| 005 | 20260407101439.0 | ||
| 010 |
_d1 р. 50 к. _91050 |
||
| 021 |
_aRU _b85-47737 |
||
| 035 | _a(NLR Aleph) 022204829 | ||
| 090 |
_a13055443 _c13055443 |
||
| 100 | _a20240423d1985 |||y0rusy50 ca | ||
| 101 | 0 | _arus | |
| 102 | _aRU | ||
| 105 | _ay z 001 y | ||
| 181 | 0 |
_ai _baxxe |
|
| 182 | 0 | _an | |
| 200 | 1 |
_aНароды Сибири в трудах Ф.Я. Кона _fВ.Н. Иванов _gАН СССР. Сибирское отделение. Якутский филиал, Институт языка, литературы и истории _gответственный редактор: Р.Ф. Итс |
|
| 203 |
_aТекст _bвизуальный _cнепосредственный |
||
| 210 |
_aНовосибирск _cНаука. Сибирское отделение _d1985 |
||
| 215 |
_a174 с. _d20 |
||
| 320 | _aБиблиография опубликованных трудов Ф.Я. Кона по истории и этнографии народов Сибири: с. 169-170 | ||
| 320 | _aБиблиогр. в примечаниях: с. 152-168 | ||
| 320 | _aИменной указатель: с. 171-173 | ||
| 606 | 1 |
_aТюрьма, каторга и ссылка _yРоссия _z19 - 20 вв. _92041329 _3RU\NLR\AUTH\661225176 |
|
| 607 |
_aСибирь _xИстория _xИсториография _92496952 _3RU\NLR\AUTH\661481186 |
||
| 686 | 1 | _aТ52(251) | |
| 686 | 1 | _aТ3(2)52-494 | |
| 686 | 1 | _aФ61(2)8 | |
| 700 | 1 |
_8rus _7ca _aИванов _bВ. Н. _cд-р ист. наук _f1935- _gВасилий Николаевич _3RU\NLR\AUTH\7715106 _9124766 |
|
| 702 | 1 |
_4340 _aИтс _bР.Ф. _f1928-1990 _gРудольф Фердинандович _3RU\NLR\AUTH\7768720 _951648 |
|
| 702 | 1 |
_4570 _8rus _7ca _aКон _bФ. Я. _f1864-1941 _gФеликс Яковлевич _3RU\NLR\AUTH\77101434 _984360 |
|
| 712 | 0 | 2 |
_4475 _aИнститут языка, литературы и истории _cЯкутск _3RU\NLR\AUTH\889928958 _9353462 |
| 852 |
_aNLR _j85-3/9754 |
||
| 942 | _cBOOK | ||
| 980 | _aNB | ||